| 000 | 00847cam a22002777a 4500 | ||
|---|---|---|---|
| 001 | 3367679 | ||
| 003 | GBCCL | ||
| 005 | 20241126110330.0 | ||
| 008 | 920611s1930||||enk|||||||||||||||||eng|d | ||
| 020 | _a1840301392 | ||
| 035 | _a(OCoLC)ocn685270121 | ||
| 035 | _a3367679 | ||
| 040 |
_aCtY-D _cCtY-D |
||
| 082 |
_a266.0092 _bPAG |
||
| 100 | 1 |
_aPage, Jesse. _93677 |
|
| 245 | 1 | 0 |
_aHenry Martyn : _bpioneer missionary to India and Islam / _cby Jesse Page. |
| 260 | 0 |
_aGreenville, USA : _bAmbassador, _c2003 |
|
| 300 |
_a160 p. : _bill. ; _c19 cm. |
||
| 490 | 0 |
_aBright biographies ; _v8 |
|
| 600 | 1 | 0 |
_aMartyn, Henry, _d1781-1812. _93678 |
| 650 | 0 |
_aMissionaries _zIndia _vBiography. _93679 |
|
| 650 | 0 |
_aMissionaries _zIslam _vBiography. _93680 |
|
| 650 | 0 |
_aMissions to Muslims _zIran. _93681 |
|
| 740 | 0 | 1 | _aHenry Martyn of Persia. |
| 942 |
_2ddc _cBK _05 |
||
| 999 |
_c120 _d120 |
||